000 00774nam a2200229Ia 4500
001 L235-8016
003 IT-CnALBA
008 170116s9999||||xx |||||||||||||| ||und||
040 _aIT-CnALBA
_cIT-CnALBA
041 _aITALIANO
100 _aDELL'ORTO GIOVANNI
245 0 _aLA MADONNA DEI FIORI DI BRA.
250 _a1a ed.
260 _a CHIERI. SIRACUSA
_bEDIGRAF, COOPERATIVA
_c1978 [1° Ed.:1978 - Ed.Ling.Originale: 1978]
300 _a74 p.
500 _aMONUMENTO. STORIA. CULTO. RIFLESSIONI.
501 _aSocietà San Paolo EM - Piazza San Paolo, 14 - 12051 ALBA (CN) (non commercial uses only) ® Copyright 2017
520 _aMONUMENTO. STORIA. CULTO. RIFLESSIONI.
650 _aMARIA SS. ANGELI SANTI DEMONI
942 _cBK
957 _71
999 _a8992
_bNO
_g Copie: 1
_c267195
_d267195